HANDBOOK OF economic nationalism (Record no. 1224796)

MARC details
000 -LEADER
fixed length control field 00582nam a2200217Ia 4500
005 - DATE AND TIME OF LATEST TRANSACTION
control field 20241129104204.0
008 - FIXED-LENGTH DATA ELEMENTS--GENERAL INFORMATION
fixed length control field 241129s9999||||xx |||||||||||||| ||und||
020 ## - INTERNATIONAL STANDARD BOOK NUMBER
International Standard Book Number 9781789909036
037 ## - SOURCE OF ACQUISITION
Stock number Textual
040 ## - CATALOGING SOURCE
Original cataloging agency RTL
Language of cataloging eng
Transcribing agency RTL
041 ## - LANGUAGE CODE
Language code of text/sound track or separate title eng
Source of code eng
084 ## - COLON CLASSIFICATION NUMBER
Classification number Xg R2/RR
Assigning agency RTL
100 ## - MAIN ENTRY--PERSONAL NAME
Personal name Pickel Andreas
9 (RLIN) 725160
245 #0 - TITLE STATEMENT
Title HANDBOOK OF economic nationalism
Statement of responsibility, etc. Pickel Andreas
260 ## - PUBLICATION, DISTRIBUTION, ETC.
Place of publication, distribution, etc. UK
Name of publisher, distributor, etc. Edward Elgar
Date of publication, distribution, etc. 2022
300 ## - PHYSICAL DESCRIPTION
Extent xxxi,384p.
365 ## - TRADE PRICE
Price type code INR
Price amount 18696.1
650 ## - SUBJECT ADDED ENTRY--TOPICAL TERM
Topical term or geographic name entry element Economics
942 ## - ADDED ENTRY ELEMENTS (KOHA)
Koha item type Textbook
Classification part Xg R2/RR
Holdings
Withdrawn status Lost status Damaged status Not for loan Home library Current library Date acquired Source of acquisition Cost, normal purchase price Inventory number Total Checkouts Full call number Barcode Date last seen Price effective from Koha item type
        Ratan Tata Library Ratan Tata Library 2024-11-29 Segment Book Distributor 18696.10 65615 & 21/02/2023   Xg R2/RR RT1502732 2024-11-29 2024-11-29 Textbook
Copyright @ Delhi University Library System